| 000 | 01871nam a2200493 a 4500 | ||
|---|---|---|---|
| 001 | 21765 | ||
| 003 | VRT | ||
| 005 | 20260309141358.0 | ||
| 008 | 240314s2007 xo a b 000 1 slo | ||
| 015 | _aSNBA2007/09-04465 | ||
| 020 |
_a9788089242238 _q(viaz.) _z8089242235 |
||
| 035 | _a4699B8F8-74BD-4A95-919F-BCE5FB2B1D91 | ||
| 035 | _aurn:nbn:sk:snk-amkpt8 | ||
| 035 | _aurn:nbn:sk:snk-am005dgb | ||
| 039 | 9 |
_a202403141049 _bVLOAD _c202403131542 _dAUTHORITY _c202311301542 _dAUTHORITY _c202306121526 _dAUTHORITY |
|
| 040 |
_aVTHK _bslo _cVTHK _eAACR2 |
||
| 041 | 1 |
_aslo _hita |
|
| 044 |
_axo _cSK |
||
| 072 | 7 |
_a821-93 _xLiteratúra pre deti a mládež _2konspekt |
|
| 072 | 7 |
_a821.131.1-3 _xTalianska próza _2konspekt |
|
| 080 |
_a821-93 _22001 |
||
| 080 |
_a821.131.1-32 _22001 |
||
| 100 | 1 |
_aCasalis, Anna, _d1953- _4aut |
|
| 245 | 1 | 0 |
_aDobrodružstvá Jakuba a Vierky _pDlhá cesta -a iné príbehy _cilustrácie Marco Campanella ; [text Anna Casalis ; preklad Ivona Stelzig] |
| 246 | 3 | 0 | _aDlhá cesta -a iné príbehy |
| 250 | _a1. vyd. | ||
| 260 |
_aBratislava _bSlovart Print _c2007 |
||
| 300 |
_a28 s. _bfareb. illustr. _c26 cm |
||
| 490 | 1 | _aJakub a Vierka so svojimi priateľmi | |
| 655 | 7 |
_atalianske príbehy _2SNKPH |
|
| 655 | 7 |
_apublikácie pre deti _2SNKPH |
|
| 700 | 1 |
_aCampanella, Marco, _d1971- _4ill |
|
| 700 | 1 |
_aStelzig, Ivona _4trl |
|
| 830 | 0 | _aJakub a Vierka so svojimi priateľmi | |
| 942 |
_2ddc _cKLDE _n0 |
||
| 949 |
_6273K0465028 _asvkpoC 47818 _bsvkpo496176 |
||
| 949 |
_63869A17504 _abpksh821-93 _bbpksh61796 |
||
| 949 |
_617A0561806 _asnkSB 74805 _bsnk2007/19434 _o1872/07 _s6100:20140925 |
||
| 949 |
_617A0561805 _asnkSB 74805 D1 _bsnk2007/19435 _o1872/07 |
||
| 949 |
_62889123120 _asavukPV 10959 _bsavuk2007/3587 |
||
| 980 | _a821.131.1-93 | ||
| 980 | _a821.131.1-32 | ||
| 999 |
_c21765 _d21765 |
||